01408nam a22002657a 450000500170000000800410001704000250005804100080008304400070009109000140009810000360011224501140014826000310026230000460029350400520033952002480039165000450063965000560068465000530074070000320079377300970082594200160092299900170093895201870095520150630134415.0150630b2006 ck ||||| |||| 00| 0 spa d aCO-BoIAVHcCO-BoIAVH aspa ack aARb018831 aPacheco-Garzón, Andrea9350601 aBiología reproductiva del Loro Orejiamarillo (Ognorhynchus icterotis) en el TolimacAndrea Pacheco Garzón3 aBogotá:bProAves,c2006. aAño 2006, Nro 2, Diciembre, Pag. 87-97. aIncluye referencias bibliográficas (Pag. 97). aSe evaluaron las características de los nidos y de las áreas de anidación, describiendo el comportamiento de las parejas durante todas las etapas del ciclo reproductivo desde de la incubación hasta la salida de los juveniles del nido.  4aPapagayoxReprouducciónzTolima935061 4aPapagayoxConservación biológicazTolima935062 4aLoros amenazadosxReprouducciónzTolima9350631 aLosada-Prado, Sergio9350640 dBogotá : Fundación ProAves, 2006-o038446tRevista Conservación Colombianax19001592 2zcARTICULO c17500d17500 00102z40718HEMEROTECAA2006C2aBogotabBogotad2015-06-30eFundación ProAveshFuera de circulaciónl0oAR-01883pAUTO_29235r2015-06-30 00:00:00tEj. 1w2015-06-30yARTICULO